| 000 | 03102nam a2200241 a 4500 | ||
|---|---|---|---|
| 001 | 000045965 | ||
| 005 | 20250211105136.0 | ||
| 008 | 150603s2015 dr ac 000 0 spa d | ||
| 020 | _z9789945082388 v. 1 | ||
| 020 | _z9789945082395 v. 2 | ||
| 040 |
_aDO-SdBNP _bspa _cBNPHU |
||
| 082 |
_axxxx _bxxxx |
||
| 100 | 1 |
_aStern Díaz, Herbert S. _d1958- _913913 |
|
| 245 | 1 | 0 |
_aApuntes y documentos para la historia de la medicina dominicana del siglo XX / _cHerbert S. Stern Díaz ; prólogo José Silié, José G. Guerrero. |
| 260 |
_aSanto Domingo : _bBúho, _c2015. |
||
| 300 |
_av. : _bil., mapas, retrs. ; _c28 cm. |
||
| 500 | _aIncluye datos biográficos del autor en la solapa de la cubierta. | ||
| 504 | _aBibliografía : p. 705-706 | ||
| 505 | 0 |
_av. 1 _tIntroducción -- _tEl juro médico -- _tCronología -- _tLos primeros años (1900-1916) -- _tLa salud durante la ocupación militar norteamericana (1916-1923) -- _tEl final de la ocupación y la llegada de trujillo (1923-1930) -- _tInicios de la Era de Trujillo (1930-1940) -- _tCentenario de la República Dominicana (1940-1950) -- _tConferencia Sanitaria Panamericana. La feria de la paz (1950-1960) -- _tFinal de la Era de Trujillo, guerra civil y democracia (1960-1970) -- _tLa modernización de la medicina domicana (1970-1980) -- _tLa erradicación del polio y la aparición del SIDA. Irregularidades en títulos universitarios (1980-1990) -- _tInicio de las subespecialidades (1990-2000) -- _tActas e historia del colegio médico dominicano -- |
|
| 505 | 0 |
_gv. 2 _tEspecialidades -- _tLa especialización de la medicina dominicana -- _tHistoria de la anatomía patológica y medicina forense -- _tHistoria de la lucha contra la diabetes en la República Dominicana -- _tEvolución del síndrome de inmunodeficiencia adquirida en República Dominicana -- _tHistoria de la gastroenterología y la Sociedad Dominicana de gastroenterología -- _tHistoria de la pediatría y la Sociedad Dominicana de Pediatría -- _tHistoria de la ortopedia en la Republica Dominicana -- _tHistoria de la radiología dominicana -- _tHistoria de la psiquiatría y la Sociedad Dominicana de psiquiatría -- _tHistoria de la cardiología y la Sociedad Dominicana de cardiología -- _tHistoria de la Sociedad Dominicana de Oftalmología -- _tHistoria de la dermatología y la Sociedad Dominicana de Dermatología -- _tHistoria de la Sociedad Dominicana de Otorrinolaringología -- _tLos inicios de la obstetricia y la ginecología y la Sociedad Dominicana de Ginecología y Obstetricia -- _tEvolución de la cirugía dominicana: la cirugía plástica y manejo de quemados -- _tHistoria de la anestesia en República Dominicana -- _tApuntes sobre la medicina militar -- _tTrabajo de Heriberto Pieter -- _tHistoria de la medicina en algunas ciudades -- _tPublicaciones médicas dominicanas -- _tBiografías de médicos dominicanos -- _tLa enseñanza de la medicina en República Dominicana _tSalud y política -- _tAspectos legales del ejercicio médico en República Dominicana -- _tClinicas y hospitales. |
|
| 700 | 1 | 2 |
_aSilié, José, _epról. _974039 |
| 700 | 1 | 2 |
_aGuerrero, José G., _epról. _918729 |
| 999 |
_c45454 _d45454 |
||